[Event "European Blitz-ch 2018"]
[Site "Skopje"]
[Date "2018.12.07"]
[Round "11"]
[White "Dragnev, Valentin"]
[Black "Papakonstantinou, Dimitrios"]
[Result "1/2-1/2"]
[WhiteElo "2483"]
[BlackElo "2308"]
[Annotator "TA"]
[PlyCount "151"]
[EventDate "2018.12.06"]
[EventType "swiss"]
[EventCountry "MKD"]

1. e4 Nf6 2. Nc3 d5 3. exd5 Nxd5 4. Bc4 c6 5. d4 Bf5 6. Nf3 e6 7. O-O Be7 8. Ne2 O-O 9. Ng3 Bg6 10. Ne5 Nd7 11. Nxg6 hxg6 12. Bb3 b5 13. c3 a5 14. Re1 N7b6 15. Ne4 Qc7 16. Qf3 Rfd8 17. Bd2 a4 18. Bc2 Nc4 19. Bc1 Nd6 20. Bf4 Nxf4 21. Qxf4 Ra7 22. Qf3 Nc4 23. b3 Nb6 24. Rad1 axb3 25. axb3 Ra2 26. Re2 Rda8 27. g3 Nd5 28. Bd3 R2a3 29. Rb2 Ra1 30. Rxa1 Rxa1+ 31. Kg2 Qa7 32. Bf1 Ra3 33. Qe2 Qa8 34. c4 Nc7 35. c5 Nd5 36. Qd2 Ra1 37. Nc3 Bf6 38. Nxd5 exd5 39. Qe3 Qd8 40. Re2 Ra8 41. h4 Qd7 42. Re1 Qf5 43. Bd3 Qg4 44. f4 Ra2+ 45. Re2 Rxe2+ 46. Bxe2 Qf5 47. Bd3 Qg4 48. Be2 Qf5 49. Qe8+ Kh7 50. Qxc6 Bxd4 51. Qxb5 Qe4+ 52. Bf3 Qe3 53. Qe2 Qxb3 54. c6 Bb6 55. h5 gxh5 56. Bxh5 g6 57. Bf3 d4 58. Qe7 Qc4 59. Qh4+ Kg7 60. f5 Qc2+ 61. Kh3 Qxf5+ 62. Kg2 Qc2+ 63. Kh3 Qc5 64. Qe4 Bc7 65. Kg2 Qe5 66. Qd3 Qd6 67. Be4 Qe5 68. Qf3 f5 69. Bd3 Qe3 70. Qxe3 dxe3 71. Kf3 Bb6 72. g4 fxg4+ 73. Kxg4 Kf6 74. Kf3 g5 75. c7 Bxc7 76. Kxe3 1/2-1/2

[Event "European Blitz-ch 2018"]
[Site "Skopje"]
[Date "2018.12.07"]
[Round "11"]
[White "Beerdsen, Thomas"]
[Black "Perunovic, Milos"]
[Result "0-1"]
[WhiteElo "2477"]
[BlackElo "2597"]
[Annotator "TA"]
[PlyCount "72"]
[EventDate "2018.12.06"]
[EventType "swiss"]
[EventCountry "MKD"]

1. e4 c5 2. Nf3 e6 3. d4 cxd4 4. Nxd4 Nc6 5. Nc3 Qc7 6. Qd3 Nxd4 7. Qxd4 a6 8. Be3 b5 9. Be2 Bb7 10. O-O Ne7 11. Rad1 Nc6 12. Qd2 Rd8 13. Rfe1 Ne5 14. Bd4 Bc5 15. Bxb5 Ng4 16. Bxc5 Qxc5 17. Bf1 O-O 18. Qd4 Qc7 19. e5 f5 20. h3 Nh6 21. Qd6 Qc8 22. Rd4 Nf7 23. Qb6 Qb8 24. f4 g5 25. Red1 Bc6 26. Qxb8 Rxb8 27. b3 gxf4 28. Rxf4 a5 29. Re1 Kh8 30. a4 Rg8 31. Kh2 Rbc8 32. Re3 Ba8 33. g3 Nxe5 34. Bb5 d6 35. Rf2 Rc7 36. h4 Ng4+ 0-1

[Event "European Blitz-ch 2018"]
[Site "Skopje"]
[Date "2018.12.07"]
[Round "11"]
[White "Usmanov, Vasily"]
[Black "Saric, Ivan"]
[Result "0-1"]
[WhiteElo "2450"]
[BlackElo "2695"]
[Annotator "TA"]
[PlyCount "56"]
[EventDate "2018.12.06"]
[EventType "swiss"]
[EventCountry "MKD"]

1. d4 g6 2. Nf3 Bg7 3. Bf4 d6 4. e3 Nd7 5. h3 e5 6. Bh2 Nh6 7. Nc3 O-O 8. Bc4 c6 9. dxe5 dxe5 10. O-O Qe7 11. Qe2 Nf5 12. a3 e4 13. Nd2 Nc5 14. Rad1 b5 15. Ba2 a5 16. Nb3 b4 17. Nxc5 bxc3 18. Qc4 cxb2 19. g4 Nh4 20. Bd6 Qf6 21. Bxf8 Bxf8 22. Qxe4 Bxc5 23. Qe8+ Kg7 24. Rd8 Qf3 25. Qe5+ Kh6 26. g5+ Kh5 27. Qg3 Bxe3 28. Qg4+ Bxg4 0-1

[Event "European Blitz-ch 2018"]
[Site "Skopje"]
[Date "2018.12.07"]
[Round "11"]
[White "De Filomeno, Simone"]
[Black "Jirovsky, Milos"]
[Result "0-1"]
[WhiteElo "2436"]
[BlackElo "2448"]
[Annotator "TA"]
[PlyCount "120"]
[EventDate "2018.12.06"]
[EventType "swiss"]
[EventCountry "MKD"]

1. d4 d5 2. c4 e6 3. Nc3 c5 4. cxd5 cxd4 5. Qxd4 Nc6 6. Qd1 exd5 7. Nxd5 Nf6 8. Nxf6+ Qxf6 9. Nf3 Bg4 10. a3 Bc5 11. e3 O-O 12. Be2 Rfd8 13. Qa4 Bd7 14. Qh4 Qg6 15. O-O Rac8 16. Qg5 Qxg5 17. Nxg5 Be7 18. Nf3 Bf6 19. Rd1 Bf5 20. Rxd8+ Rxd8 21. Kf1 g5 22. Nd2 Ne5 23. e4 Be6 24. f3 Nd3 25. Bxd3 Rxd3 26. Ke2 Rd8 27. a4 a5 28. Ra3 Rc8 29. Ra1 h5 30. Rb1 Ba2 31. Ra1 Be6 32. Rb1 Be7 33. b3 Bb4 34. Nc4 Bxc4+ 35. bxc4 Rxc4 36. Bxg5 Rc2+ 37. Ke3 Rxg2 38. h4 Kg7 39. Rd1 f6 40. Bf4 Bc5+ 41. Kd3 Ra2 42. Kc4 b6 43. Kb5 Rb2+ 44. Kc6 Rb3 45. Rd7+ Kg6 46. Bd6 Bf2 47. e5 fxe5 48. Bxe5 Rxf3 49. Bd4 Bxd4 50. Rxd4 Rf6+ 51. Kb5 Kf5 52. Rc4 Rd6 53. Ka6 Rg6 54. Kb5 Rg4 55. Rc6 Rb4+ 56. Ka6 Kg4 57. Rxb6 Rxa4 58. Kb5 Rb4+ 59. Kxa5 Rxb6 60. Kxb6 Kxh4 0-1

[Event "European Blitz-ch 2018"]
[Site "Skopje"]
[Date "2018.12.07"]
[Round "11"]
[White "Nikcevic, Nebojsa"]
[Black "Sebenik, Matej"]
[Result "1/2-1/2"]
[WhiteElo "2434"]
[BlackElo "2536"]
[PlyCount "159"]
[EventDate "2018.12.06"]
[EventType "swiss"]
[EventCountry "MKD"]

1. Nf3 c5 2. c4 g6 3. d4 cxd4 4. Nxd4 Nc6 5. e4 Bg7 6. Be3 Nf6 7. Nc3 O-O 8. Be2 d6 9. O-O Bd7 10. Qd2 Nxd4 11. Bxd4 Bc6 12. Bd3 a5 13. b3 Nd7 14. Bxg7 Kxg7 15. Rae1 e5 16. Bc2 Nc5 17. Rd1 Ne6 18. Qxd6 Qxd6 19. Rxd6 Nd4 20. Bd1 Rfd8 21. Rxd8 Rxd8 22. Re1 b5 23. cxb5 Bxb5 24. Nxb5 Nxb5 25. Be2 Nc3 26. Bc4 Nxa2 27. Ra1 Rd2 28. g3 f5 29. Re1 Kf6 30. f4 exf4 31. e5+ Ke7 32. gxf4 Nc3 33. Re3 Ne4 34. Rd3 Rxd3 35. Bxd3 Nd2 36. Bc2 Nf3+ 37. Kf2 Nd4 38. Bd1 Ke6 39. Ke3 Kd5 40. h4 Kc5 41. Kd3 Ne6 42. Ke3 Kb4 43. Bc2 Nc7 44. h5 Nd5+ 45. Kf3 Kc3 46. Bd1 Kb4 47. hxg6 hxg6 48. Bc2 Kc3 49. Bd1 Kd4 50. Be2 Nb6 51. e6 Nc8 52. Bb5 Kd5 53. Be8 Ne7 54. Bf7 Kd4 55. Kg3 Ke3 56. Be8 Nd5 57. Bxg6 Ne7 58. Bh7 Kd4 59. Kh4 Kc3 60. Kg5 Kxb3 61. Kf6 Nd5+ 62. Kxf5 a4 63. Ke5 a3 64. Kxd5 a2 65. e7 a1=Q 66. e8=Q Qd1+ 67. Kc6 Qf3+ 68. Kb6 Qxf4 69. Bg8+ Kc3 70. Qc6+ Kd3 71. Bh7+ Ke3 72. Qc1+ Kf3 73. Qd1+ Kg3 74. Qg1+ Kf3 75. Qh1+ Kg3 76. Qg1+ Kf3 77. Qd1+ Kg3 78. Qg1+ Kf3 79. Qf1+ Kg3 80. Qxf4+ 1/2-1/2

[Event "European Blitz-ch 2018"]
[Site "Skopje"]
[Date "2018.12.07"]
[Round "11"]
[White "Stojanovski, Dejan"]
[Black "Banikas, Hristos"]
[Result "0-1"]
[WhiteElo "2430"]
[BlackElo "2601"]
[Annotator "TA"]
[PlyCount "64"]
[EventDate "2018.12.06"]
[EventType "swiss"]
[EventCountry "MKD"]

1. e4 c5 2. Ne2 Nf6 3. Nbc3 d6 4. g3 g6 5. Bg2 Bg7 6. O-O Nc6 7. Nd5 O-O 8. c3 e6 9. Nxf6+ Qxf6 10. d3 Rb8 11. a4 a6 12. Be3 e5 13. Qd2 Qe7 14. d4 Na5 15. Qc2 Bg4 16. dxe5 dxe5 17. f3 Be6 18. f4 Bb3 19. Qc1 Bc4 20. Qe1 exf4 21. gxf4 Rbd8 22. Rf2 Nb3 23. Rb1 Bd3 24. Rd1 Bxe4 25. Rxd8 Rxd8 26. Ng3 Bxg2 27. Rxg2 f5 28. Re2 Qd7 29. Bf2 Kf7 30. Nf1 Bf6 31. Ne3 Nd2 32. Nf1 Nf3+ 0-1

[Event "European Blitz-ch 2018"]
[Site "Skopje"]
[Date "2018.12.07"]
[Round "11"]
[White "Tejedor Fuente, Enrique"]
[Black "Nenezic, Marko"]
[Result "1-0"]
[WhiteElo "2428"]
[BlackElo "2515"]
[Annotator "TA"]
[PlyCount "33"]
[EventDate "2018.12.06"]
[EventType "swiss"]
[EventCountry "MKD"]

1. e4 c5 2. Nc3 Nc6 3. g3 g6 4. d3 Bg7 5. Bg2 d6 6. Be3 Rb8 7. Qd2 b5 8. Nge2 Nd4 9. O-O e6 10. Nc1 b4 11. Nd1 Ba6 12. c3 bxc3 13. bxc3 Nc6 14. h3 Qa5 15. f4 Nge7 16. f5 Be5 17. g4 1-0

[Event "European Blitz-ch 2018"]
[Site "Skopje"]
[Date "2018.12.07"]
[Round "11"]
[White "Arsovic, Zoran"]
[Black "Ivanisevic, Ivan"]
[Result "0-1"]
[WhiteElo "2422"]
[BlackElo "2603"]
[PlyCount "68"]
[EventDate "2018.12.06"]
[EventType "swiss"]
[EventCountry "MKD"]

1. c4 e5 2. Nc3 d6 3. Nf3 f5 4. d3 Nf6 5. g3 Be7 6. Bg2 O-O 7. O-O Qe8 8. b4 Qh5 9. Bb2 f4 10. Nd5 Bd8 11. Nd2 Nc6 12. b5 Ne7 13. Re1 Nexd5 14. cxd5 Ng4 15. Nf3 Rf6 16. e4 fxe3 17. fxe3 Rxf3 18. Qxf3 Qxh2+ 19. Kf1 Bf6 20. Ke2 e4 21. dxe4 Bxb2 22. Rh1 Bxa1 23. Rxh2 Nxh2 24. Qf2 Be5 25. Bf3 Nxf3 26. Qxf3 Bd7 27. Kd2 Rf8 28. Qe2 Bxg3 29. Qc4 Rc8 30. Ke2 Be5 31. a4 h5 32. Kf3 h4 33. a5 h3 34. b6 cxb6 0-1

[Event "European Blitz-ch 2018"]
[Site "Skopje"]
[Date "2018.12.07"]
[Round "11"]
[White "Zavgorodniy, Sergiy"]
[Black "Milanovic, Danilo"]
[Result "1-0"]
[WhiteElo "2420"]
[BlackElo "2494"]
[Annotator "TA"]
[PlyCount "82"]
[EventDate "2018.12.06"]
[EventType "swiss"]
[EventCountry "MKD"]

1. e4 d5 2. exd5 Qxd5 3. Nc3 Qd8 4. g3 c6 5. Bg2 Nf6 6. Nge2 Bf5 7. O-O e6 8. d3 Be7 9. h3 h6 10. Bd2 O-O 11. g4 Bh7 12. Ng3 Nbd7 13. Qe2 Re8 14. Nce4 Qc7 15. Kh1 Nd5 16. f4 f5 17. Nc3 Bd6 18. Nxd5 exd5 19. Qf3 fxg4 20. hxg4 Rf8 21. Rae1 Rf7 22. Nh5 g6 23. Ng3 Raf8 24. Ne2 Nc5 25. Qh3 Qd7 26. Bf3 h5 27. Kg2 Qc8 28. gxh5 Qxh3+ 29. Kxh3 gxh5 30. Bxh5 Bf5+ 31. Kg3 Rh7 32. Rh1 Ne6 33. Kf3 Rg7 34. Bc3 d4 35. Bxd4 Nxd4+ 36. Nxd4 Bc8 37. Re4 c5 38. Nb5 Bb8 39. Nc3 b6 40. Nd5 Rf5 41. c4 Rxh5 1-0

[Event "European Blitz-ch 2018"]
[Site "Skopje"]
[Date "2018.12.07"]
[Round "11"]
[White "Pershin, Denis"]
[Black "Kevlishvili, Robby"]
[Result "1/2-1/2"]
[WhiteElo "2400"]
[BlackElo "2451"]
[PlyCount "191"]
[EventDate "2018.12.06"]
[EventType "swiss"]
[EventCountry "MKD"]

1. e4 c5 2. Nf3 d6 3. d4 cxd4 4. Nxd4 Nf6 5. Nc3 a6 6. h4 e5 7. Nb3 Be6 8. f4 exf4 9. Bxf4 Nc6 10. Qd2 Be7 11. O-O-O O-O 12. Bxd6 Bg4 13. Bxe7 Qxe7 14. Re1 Rfd8 15. Qf4 Rac8 16. e5 h5 17. Bxa6 Nh7 18. Bd3 Nf8 19. a3 Ng6 20. Bxg6 fxg6 21. e6 Bf5 22. Re2 b5 23. Nxb5 Rb8 24. Nc3 Rxb3 25. cxb3 Nd4 26. Re4 Nxb3+ 27. Kc2 Nc5 28. Rhe1 Nxe4 29. Rxe4 Qxe6 30. Kc1 Bxe4 31. Qxe4 Qf7 32. Kb1 Re8 33. Qd3 Kh7 34. Ne4 Qf5 35. Ng5+ Kg8 36. Qxf5 gxf5 37. b4 Re2 38. b5 Re5 39. a4 Kf8 40. Kb2 Ke7 41. Kc3 Kd7 42. Kd4 Re2 43. g3 Ra2 44. Ke5 Rxa4 45. Kxf5 Rg4 46. Ne4 Kc7 47. Ke5 Kb6 48. Kf5 Kxb5 49. Ng5 Rxg3 50. Kg6 Kc6 51. Kxh5 Kd7 52. Kg6 Rg4 53. Kxg7 Rxh4 54. Kf6 Rg4 55. Kf5 Rg1 56. Ne4 Kc6 57. Nf6 Rf1+ 58. Ke5 Rf2 59. Ne4 Rf8 60. Nf6 Rf7 61. Ke6 Rg7 62. Ne4 Rg1 63. Nf6 Re1+ 64. Kf5 Kd6 65. Ne4+ Kd5 66. Nf6+ Kd4 67. Ng4 Rf1+ 68. Ke6 Re1+ 69. Kf5 Re2 70. Nf6 Re5+ 71. Kf4 Rc5 72. Ng4 Rc8 73. Kf5 Re8 74. Nf6 Re3 75. Ng4 Rf3+ 76. Ke6 Ke4 77. Nf6+ Ke3 78. Nd5+ Kd4 79. Nf6 Rf1 80. Ng4 Rf3 81. Nf6 Rf4 82. Nd7 Re4+ 83. Kf5 Re7 84. Nf6 Re1 85. Ng4 Rf1+ 86. Ke6 Kc5 87. Nf6 Kc6 88. Ng4 Re1+ 89. Kf5 Kd6 90. Nf6 Rf1+ 91. Kg5 Ke6 92. Ng4 Rf8 93. Nh6 Ke5 94. Ng4+ Ke4 95. Nf6+ Ke5 96. Nd7+ 1/2-1/2

[Event "European Blitz-ch 2018"]
[Site "Skopje"]
[Date "2018.12.07"]
[Round "11"]
[White "Saraci, Nderim"]
[Black "Anton Guijarro, David"]
[Result "0-1"]
[WhiteElo "2382"]
[BlackElo "2642"]
[PlyCount "58"]
[EventDate "2018.12.06"]
[EventType "swiss"]
[EventCountry "MKD"]

1. d4 f5 2. g3 Nf6 3. Bg2 g6 4. c3 Bg7 5. Qb3 Nc6 6. h4 d6 7. d5 Ne5 8. Nh3 c6 9. dxc6 Nxc6 10. Nf4 Na5 11. Qd1 O-O 12. h5 gxh5 13. Nd2 Qe8 14. e3 Nc6 15. Nxh5 Nxh5 16. Qxh5 Qxh5 17. Rxh5 Bd7 18. Nf3 h6 19. Nd4 e6 20. Bd2 Ne5 21. Ke2 Nf7 22. Rah1 Rab8 23. b3 b5 24. Nc6 Bxc6 25. Bxc6 d5 26. c4 bxc4 27. bxc4 dxc4 28. Rc1 Rb2 29. Rxc4 Rd8 0-1

[Event "European Blitz-ch 2018"]
[Site "Skopje"]
[Date "2018.12.07"]
[Round "11"]
[White "Zlatanovic, Boroljub"]
[Black "Ruck, Robert"]
[Result "1/2-1/2"]
[WhiteElo "2376"]
[BlackElo "2512"]
[Annotator "TA"]
[PlyCount "28"]
[EventDate "2018.12.06"]
[EventType "swiss"]
[EventCountry "MKD"]

1. c4 e5 2. Nc3 Nf6 3. g3 Bb4 4. Bg2 O-O 5. d3 Bxc3+ 6. bxc3 h6 7. e4 c6 8. Nf3 Re8 9. O-O d5 10. exd5 cxd5 11. Re1 Nc6 12. cxd5 Nxd5 13. Bb2 Bg4 14. h3 Bh5 1/2-1/2

[Event "European Blitz-ch 2018"]
[Site "Skopje"]
[Date "2018.12.07"]
[Round "11"]
[White "Petkidis, Anthony"]
[Black "Pancevski, Filip"]
[Result "1-0"]
[WhiteElo "2375"]
[BlackElo "2495"]
[Annotator "TA"]
[PlyCount "85"]
[EventDate "2018.12.06"]
[EventType "swiss"]
[EventCountry "MKD"]

1. e4 g6 2. d4 Bg7 3. Nf3 d6 4. Bc4 e6 5. Qe2 a6 6. a4 Ne7 7. Bb3 b6 8. c3 Bb7 9. Nbd2 Nd7 10. Nf1 c5 11. Ng3 cxd4 12. cxd4 Nc6 13. Be3 Rc8 14. O-O O-O 15. Rac1 h6 16. Rfd1 Qe7 17. Bc4 Ra8 18. h3 Rfc8 19. Qd2 Kh7 20. Nh2 Na5 21. Ba2 d5 22. b4 Nc4 23. Bxc4 dxc4 24. Ng4 Qf8 25. d5 exd5 26. Bd4 h5 27. Ne3 Rd8 28. exd5 Nf6 29. Bxf6 Bxf6 30. Rxc4 b5 31. Rc7 Rab8 32. Ne4 Be5 33. Rxf7+ Qxf7 34. Ng5+ Kg7 35. Nxf7 Kxf7 36. axb5 axb5 37. Qd3 Bc8 38. Qe4 Bf6 39. d6 Bb7 40. Qd3 Rd7 41. Qxb5 Rbd8 42. Nc4 Kg7 43. Ne5 1-0

[Event "European Blitz-ch 2018"]
[Site "Skopje"]
[Date "2018.12.07"]
[Round "11"]
[White "Ozen, Bahadir"]
[Black "Georgiev, Kiril"]
[Result "1/2-1/2"]
[WhiteElo "2349"]
[BlackElo "2595"]
[Annotator "TA"]
[PlyCount "112"]
[EventDate "2018.12.06"]
[EventType "swiss"]
[EventCountry "MKD"]

1. Nf3 Nf6 2. g3 b5 3. Bg2 Bb7 4. O-O e6 5. d3 Be7 6. e4 d6 7. Nh4 d5 8. Nd2 c5 9. a4 b4 10. exd5 Nxd5 11. Nhf3 Nd7 12. Re1 O-O 13. a5 a6 14. Nc4 Qc7 15. Bg5 Bxg5 16. Nxg5 N7f6 17. Qe2 Rfe8 18. Qe5 Qxe5 19. Rxe5 Rad8 20. Re2 h6 21. Nf3 Ne7 22. Nfd2 Bxg2 23. Kxg2 Nf5 24. Nb3 Nd4 25. Nxd4 Rxd4 26. Re5 Nd7 27. Re2 b3 28. Ra3 bxc2 29. Rxc2 Rb8 30. Nd2 Rdb4 31. Ra2 Kf8 32. Ne4 R4b5 33. Nd6 Rb3 34. Ne4 R8b5 35. Nd6 R5b4 36. Ne4 Rxd3 37. Nxc5 Nxc5 38. Rxc5 Rd2 39. Rc6 Rbxb2 40. Rxb2 Rxb2 41. Rxa6 Ra2 42. Ra7 g5 43. h4 gxh4 44. gxh4 Kg7 45. Kg3 Kg6 46. a6 Ra3+ 47. f3 e5 48. Re7 Kf6 49. Ra7 e4 50. Kf4 e3 51. Ra8 e2 52. Re8 Ra4+ 53. Kg3 Rxa6 54. Rxe2 Ra5 55. Rb2 Re5 56. Rb7 Kg7 1/2-1/2

[Event "European Blitz-ch 2018"]
[Site "Skopje"]
[Date "2018.12.07"]
[Round "11"]
[White "Asik, Josip"]
[Black "Jenni, Florian"]
[Result "1/2-1/2"]
[WhiteElo "2313"]
[BlackElo "2454"]
[Annotator "TA"]
[PlyCount "75"]
[EventDate "2018.12.06"]
[EventType "swiss"]
[EventCountry "MKD"]

1. e4 e5 2. Nf3 Nc6 3. d4 exd4 4. Nxd4 Qf6 5. Nxc6 Bc5 6. Qd2 dxc6 7. Nc3 Bd4 8. Bd3 Ne7 9. O-O h6 10. Qf4 g5 11. Qxf6 Bxf6 12. Be3 Ng6 13. Rab1 Be6 14. a4 Nf4 15. Rfd1 Nxd3 16. Rxd3 a5 17. b3 b6 18. Bd4 Bxd4 19. Rxd4 Ke7 20. Rbd1 Rad8 21. f3 Rxd4 22. Rxd4 c5 23. Rd2 c4 24. Nd5+ Bxd5 25. Rxd5 cxb3 26. cxb3 Rd8 27. Rxd8 Kxd8 28. Kf2 Kd7 29. Ke3 Ke6 30. g3 c6 31. f4 gxf4+ 32. gxf4 f6 33. Kd4 Kd6 34. Kc4 h5 35. h4 Ke6 36. Kd4 Kd6 37. Kc4 Ke6 38. Kd4 1/2-1/2

[Event "European Blitz-ch 2018"]
[Site "Skopje"]
[Date "2018.12.07"]
[Round "11"]
[White "Stoyanov, Tsvetan"]
[Black "Jankovic, Alojzije"]
[Result "1/2-1/2"]
[WhiteElo "2310"]
[BlackElo "2557"]
[Annotator "TA"]
[PlyCount "151"]
[EventDate "2018.12.06"]
[EventType "swiss"]
[EventCountry "MKD"]

1. e4 c5 2. Nf3 Nc6 3. d4 cxd4 4. Nxd4 e6 5. Nc3 Qc7 6. a3 b6 7. Be3 Bb7 8. f3 Nf6 9. Qd2 Nxd4 10. Bxd4 e5 11. Bf2 Rd8 12. Nb5 Qb8 13. c4 a6 14. Nc3 Bc5 15. b4 Bxf2+ 16. Qxf2 Ba8 17. Qe3 O-O 18. Be2 b5 19. cxb5 axb5 20. O-O d5 21. exd5 Nxd5 22. Nxd5 Bxd5 23. Qc5 Be6 24. Qxb5 Qa7+ 25. Qc5 Qxc5+ 26. bxc5 Rd2 27. Rfe1 Rc8 28. Rac1 Rd5 29. c6 Kf8 30. Bc4 Ra5 31. Bxe6 fxe6 32. Rc3 Ra6 33. c7 Ra5 34. Rd1 Ke7 35. Kf2 Ra7 36. Rdc1 Kd7 37. Ke3 Ra4 38. Rd1+ Ke7 39. Rdc1 Kd7 40. R1c2 h5 41. Rd2+ Ke7 42. Re2 Kd7 43. Kf2 Rxc7 44. Rxc7+ Kxc7 45. Rxe5 h4 46. Rxe6 Rxa3 47. Re7+ Kd6 48. Rxg7 h3 49. gxh3 Ke6 50. Kg3 Kf6 51. Rg4 Ra1 52. h4 Ra2 53. Rb4 Kg6 54. h3 Kg7 55. Kf4 Kf7 56. Rb5 Rh2 57. Kg3 Ra2 58. f4 Ra3+ 59. Kg4 Rc3 60. h5 Rc1 61. h4 Rg1+ 62. Kf5 Rh1 63. Rb7+ Kg8 64. Kg5 Rg1+ 65. Kf5 Rh1 66. Kg6 Rg1+ 67. Kh6 Rh1 68. f5 Rxh4 69. f6 Rh1 70. Rg7+ Kf8 71. Kg6 Rg1+ 72. Kh7 Rf1 73. Rg6 Kf7 74. h6 Rh1 75. Rg7+ Kxf6 76. Rg6+ 1/2-1/2

[Event "European Blitz-ch 2018"]
[Site "Skopje"]
[Date "2018.12.07"]
[Round "11"]
[White "Jovic, Stanoje"]
[Black "Kalezic, Blazo"]
[Result "0-1"]
[WhiteElo "2240"]
[BlackElo "2460"]
[PlyCount "58"]
[EventDate "2018.12.06"]
[EventType "swiss"]
[EventCountry "MKD"]

1. c4 e5 2. Nc3 Bb4 3. Nf3 Nc6 4. g3 Nf6 5. Bg2 O-O 6. O-O Re8 7. d3 h6 8. Bd2 Bf8 9. a3 a5 10. e4 Bc5 11. Nd5 Nd4 12. Nxd4 Bxd4 13. Rb1 c6 14. Nxf6+ Qxf6 15. Be3 Bxe3 16. fxe3 Qe7 17. b4 axb4 18. axb4 d6 19. d4 Bd7 20. Rb2 Ra3 21. Rb3 Rea8 22. c5 Be8 23. Qd3 Ra2 24. Rf2 Rxf2 25. Kxf2 exd4 26. exd4 Qf6+ 27. Kg1 Ra1+ 28. Bf1 Bd7 29. Qe3 Qxf1# 0-1

[Event "European Blitz-ch 2018"]
[Site "Skopje"]
[Date "2018.12.07"]
[Round "11"]
[White "Papasimakopoulos, Alexandros"]
[Black "Bosiocic, Marin"]
[Result "0-1"]
[WhiteElo "2191"]
[BlackElo "2599"]
[PlyCount "88"]
[EventDate "2018.12.06"]
[EventType "swiss"]
[EventCountry "MKD"]

1. d4 Nf6 2. c4 d6 3. Nf3 Nbd7 4. Nc3 e5 5. Bg5 Be7 6. e3 O-O 7. Qc2 c6 8. Bd3 h6 9. Bh4 Nh5 10. Bxe7 Qxe7 11. O-O g6 12. b4 f5 13. c5 e4 14. cxd6 Qxd6 15. Bc4+ Kh7 16. Ne5 Nxe5 17. dxe5 Qxe5 18. Rad1 Nf6 19. Na4 b5 20. Nc5 bxc4 21. Qxc4 a5 22. a3 axb4 23. axb4 Ra7 24. h3 Re8 25. Rd4 Be6 26. Nxe6 Qxe6 27. Qc5 Rd7 28. Rc4 Rd6 29. Rfc1 Red8 30. Kh2 Kg7 31. Qb6 Qe5+ 32. g3 Rd2 33. Kg2 Nh5 34. Kg1 Nxg3 35. Rc5 Ne2+ 36. Kg2 Qb8 37. Qxb8 Rxb8 38. R1c4 Rb6 39. Ra5 Kf6 40. Ra8 Kg5 41. Rg8 Rd1 42. Rc2 Nc1 43. Rc5 Nd3 44. Rc2 Ne1+ 0-1

[Event "European Blitz-ch 2018"]
[Site "Skopje"]
[Date "2018.12.07"]
[Round "12"]
[White "Artemiev, Vladislav"]
[Black "Salgado Lopez, Ivan"]
[Result "1/2-1/2"]
[WhiteElo "2709"]
[BlackElo "2629"]
[Annotator "TA"]
[PlyCount "106"]
[EventDate "2018.12.06"]
[EventType "swiss"]
[EventCountry "MKD"]

1. c4 c5 2. Nf3 Nc6 3. d4 cxd4 4. Nxd4 Nf6 5. g3 e5 6. Nb5 Bb4+ 7. Bd2 a6 8. N5c3 d5 9. cxd5 Nxd5 10. Bg2 Be6 11. O-O O-O 12. Nxd5 Bxd5 13. Bg5 Qxg5 14. Qxd5 Nd4 15. Qc4 Qe7 16. a3 Ba5 17. e3 Rac8 18. Qa4 b5 19. Qxa5 Nb3 20. Qxa6 Nxa1 21. Nc3 Nb3 22. Qxb5 Nd2 23. Rd1 Nc4 24. Nd5 Qa7 25. Qb4 Kh8 26. Bh3 Rc5 27. Rc1 Rb8 28. Qc3 Rxd5 29. Qxc4 Rdd8 30. Qc3 Qe7 31. b4 g6 32. Qc7 Qf6 33. Kg2 Rb6 34. Rc5 Rd2 35. Qxe5 Rxf2+ 36. Kg1 Qxe5 37. Rxe5 Ra2 38. Bf1 Rd6 39. b5 Rd1 40. Re4 Raa1 41. Rf4 Kg7 42. a4 Rdb1 43. h4 f5 44. h5 Kf6 45. hxg6 hxg6 46. g4 Ke5 47. gxf5 gxf5 48. Kg2 Ra2+ 49. Kg3 Rb3 50. Rf3 Rxa4 51. Bh3 Kd6 52. Bxf5 Raa3 53. Kf4 Rxb5 1/2-1/2

[Event "European Blitz-ch 2018"]
[Site "Skopje"]
[Date "2018.12.07"]
[Round "12"]
[White "Saric, Ivan"]
[Black "Usmanov, Vasily"]
[Result "1-0"]
[WhiteElo "2695"]
[BlackElo "2450"]
[Annotator "TA"]
[PlyCount "56"]
[EventDate "2018.12.06"]
[EventType "swiss"]
[EventCountry "MKD"]

1. e4 e6 2. d4 d5 3. Nc3 Nf6 4. Bg5 dxe4 5. Nxe4 Be7 6. Bxf6 Bxf6 7. Nf3 Bd7 8. Bd3 Bc6 9. c3 Bxe4 10. Bxe4 c6 11. Qc2 Nd7 12. b4 a5 13. O-O axb4 14. cxb4 Rc8 15. a4 Be7 16. Qb1 Nf6 17. b5 Nxe4 18. Qxe4 O-O 19. Ne5 cxb5 20. axb5 Bf6 21. Qxb7 Qxd4 22. Nc6 Qf4 23. Rad1 Rc7 24. Qb6 Rfc8 25. g3 Qc4 26. Rc1 Qd5 27. Ne7+ Bxe7 28. Rxc7 Re8 1-0

[Event "European Blitz-ch 2018"]
[Site "Skopje"]
[Date "2018.12.07"]
[Round "12"]
[White "Laznicka, Viktor"]
[Black "Sanal, Vahap"]
[Result "0-1"]
[WhiteElo "2675"]
[BlackElo "2490"]
[Annotator "TA"]
[PlyCount "101"]
[EventDate "2018.12.06"]
[EventType "swiss"]
[EventCountry "MKD"]

1. d4 Nf6 2. Bf4 d5 3. e3 c5 4. c3 Nc6 5. Nd2 e6 6. Bd3 cxd4 7. exd4 Bd6 8. Bxd6 Qxd6 9. Ngf3 Nh5 10. O-O g6 11. Re1 f6 12. c4 Kf7 13. a3 b6 14. b4 Nf4 15. Bf1 g5 16. g3 Ng6 17. c5 Qd8 18. Qa4 Nce7 19. Nb3 h5 20. cxb6 Bd7 21. b5 axb6 22. Qb4 g4 23. Nfd2 h4 24. a4 Qf8 25. a5 bxa5 26. Rxa5 Rxa5 27. Qxa5 hxg3 28. hxg3 e5 29. Nc5 Bf5 30. Bg2 Qh6 31. Nf1 exd4 32. Qc7 Rc8 33. Bxd5+ Kf8 34. Qd6 Qg5 35. Be6 Re8 36. Bxf5 Qxf5 37. Ne6+ Kf7 38. Nxd4 Qd3 39. b6 Ne5 40. Nh2 Qd2 41. Rf1 Kg6 42. b7 N7c6 43. Nf5 Qxd6 44. Nxd6 Rd8 45. Nc8 Nb8 46. Rb1 Rd2 47. Nf1 Ra2 48. Ne3 f5 49. Nd6 Nf3+ 50. Kg2 Nd2 51. Rb6 0-1

[Event "European Blitz-ch 2018"]
[Site "Skopje"]
[Date "2018.12.07"]
[Round "12"]
[White "Guseinov, Gadir"]
[Black "Stevic, Hrvoje"]
[Result "1-0"]
[WhiteElo "2664"]
[BlackElo "2587"]
[Annotator "TA"]
[PlyCount "63"]
[EventDate "2018.12.06"]
[EventType "swiss"]
[EventCountry "MKD"]

1. e4 e5 2. Nf3 Nc6 3. Bb5 a6 4. Bxc6 dxc6 5. O-O Bd6 6. c3 Bg4 7. d4 Qe7 8. h3 Bh5 9. dxe5 Bxe5 10. g4 Bg6 11. Nxe5 Qxe5 12. f4 Qc5+ 13. Qd4 Qxd4+ 14. cxd4 Bxe4 15. Re1 f5 16. gxf5 Nf6 17. Nc3 O-O-O 18. Rxe4 Nxe4 19. Nxe4 Rxd4 20. Nc3 Re8 21. Kf2 Rd3 22. h4 b5 23. Ne2 c5 24. b3 c4 25. bxc4 bxc4 26. Rb1 Rh3 27. Rb2 Rxh4 28. Rc2 Rh2+ 29. Kf3 c3 30. Ba3 a5 31. Bc5 Rf8 32. Bxf8 1-0

[Event "European Blitz-ch 2018"]
[Site "Skopje"]
[Date "2018.12.07"]
[Round "12"]
[White "Anton Guijarro, David"]
[Black "Saraci, Nderim"]
[Result "0-1"]
[WhiteElo "2642"]
[BlackElo "2382"]
[Annotator "TA"]
[PlyCount "86"]
[EventDate "2018.12.06"]
[EventType "swiss"]
[EventCountry "MKD"]

1. Nf3 d5 2. b3 g6 3. Bb2 Nf6 4. c4 c6 5. g3 Bg7 6. Bg2 O-O 7. O-O b6 8. d4 Nbd7 9. Nc3 Ba6 10. Nd2 e6 11. Re1 c5 12. e3 Bb7 13. a4 a6 14. Qe2 Re8 15. Rac1 Rc8 16. Qf1 h6 17. Red1 Qc7 18. cxd5 exd5 19. a5 bxa5 20. Na4 Bc6 21. Nxc5 Nxc5 22. Rxc5 Bf8 23. Rcc1 Qb7 24. Bc3 a4 25. bxa4 Bxa4 26. Rb1 Qa8 27. Rdc1 Ba3 28. Bb2 Bf8 29. Nf3 Bb5 30. Qd1 Rxc1 31. Rxc1 Rc8 32. Ra1 Qc6 33. Bf1 Qc2 34. Qb1 Ne4 35. Qxc2 Rxc2 36. Bc1 Bxf1 37. Ne1 Rxf2 38. Ba3 Bb5 39. Bxf8 Kxf8 40. Ng2 Rd2 41. Nf4 Nc3 42. h4 Ne2+ 43. Nxe2 Rxe2 0-1